[Event "Blitz 2018"]
[Site "Saint-Petersburg"]
[Date "2018.12.29"]
[Round "10"]
[Board "78"]
[White "Al-Sayed Mohammed (QAT)"]
[Black "Gutenev Alexander (RUS)"]
[Result "1-0"]
[LiveChessVersion "1.4.8"]
[BlackElo "2419"]
[WhiteElo "2547"]

1. d4 {[%clk 0:03:03]} Nf6 {[%clk 0:03:03]} 2. c3 {[%clk 0:03:04]} g6
{[%clk 0:03:02]} 3. h4 {[%clk 0:03:05]} h5 {[%clk 0:02:56]} 4. Bg5
{[%clk 0:03:05]} Bg7 {[%clk 0:02:57]} 5. Nd2 {[%clk 0:03:05]} d5 {[%clk 0:02:55]}
6. Bxf6 {[%clk 0:03:00]} Bxf6 {[%clk 0:02:57]} 7. e4 {[%clk 0:03:01]} dxe4
{[%clk 0:02:57]} 8. Nxe4 {[%clk 0:03:02]} Bg7 {[%clk 0:02:57]} 9. Bc4
{[%clk 0:03:00]} O-O {[%clk 0:02:24]} 10. Nf3 {[%clk 0:02:55]} Nd7
{[%clk 0:02:04]} 11. Qc2 {[%clk 0:02:50]} Nb6 {[%clk 0:01:53]} 12. Bb3
{[%clk 0:02:48]} Bf5 {[%clk 0:01:52]} 13. Qe2 {[%clk 0:02:47]} Nd5
{[%clk 0:01:43]} 14. g3 {[%clk 0:02:43]} Bg4 {[%clk 0:01:44]} 15. O-O
{[%clk 0:02:36]} Qd7 {[%clk 0:01:31]} 16. Rfe1 {[%clk 0:02:35]} Qf5
{[%clk 0:01:26]} 17. Kg2 {[%clk 0:02:31]} c6 {[%clk 0:01:22]} 18. Bc2
{[%clk 0:02:27]} Rae8 {[%clk 0:01:16]} 19. Neg5 {[%clk 0:02:25]} Qf6
{[%clk 0:01:13]} 20. Ne4 {[%clk 0:02:08]} Qf5 {[%clk 0:01:04]} 21. Neg5
{[%clk 0:01:48]} Qf6 {[%clk 0:01:04]} 22. Qd3 {[%clk 0:01:30]} Bf5
{[%clk 0:01:03]} 23. Qd2 {[%clk 0:01:25]} Bxc2 {[%clk 0:01:03]} 24. Qxc2
{[%clk 0:01:25]} e6 {[%clk 0:00:57]} 25. Ne5 {[%clk 0:01:18]} Qf5
{[%clk 0:00:53]} 26. Qxf5 {[%clk 0:00:51]} exf5 {[%clk 0:00:54]} 27. Nd7
{[%clk 0:00:49]} Rxe1 {[%clk 0:00:54]} 28. Rxe1 {[%clk 0:00:50]} Rd8
{[%clk 0:00:55]} 29. Nc5 {[%clk 0:00:49]} b6 {[%clk 0:00:55]} 30. Nb7
{[%clk 0:00:38]} Rd7 {[%clk 0:00:50]} 31. Re8+ {[%clk 0:00:39]} Bf8
{[%clk 0:00:51]} 32. Rb8 {[%clk 0:00:25]} Kg7 {[%clk 0:00:46]} 33. Nd8
{[%clk 0:00:26]} Bd6 {[%clk 0:00:41]} 34. Ra8 {[%clk 0:00:24]} c5
{[%clk 0:00:39]} 35. Ndxf7 {[%clk 0:00:15]} Rxf7 {[%clk 0:00:35]} 36. Nxf7
{[%clk 0:00:14]} Kxf7 {[%clk 0:00:36]} 37. Rxa7+ {[%clk 0:00:14]} Ke6
{[%clk 0:00:37]} 38. dxc5 {[%clk 0:00:11]} Bxc5 {[%clk 0:00:38]} 39. Rg7
{[%clk 0:00:11]} Ne7 {[%clk 0:00:38]} 40. Rh7 {[%clk 0:00:09]} Nc6
{[%clk 0:00:20]} 41. Rb7 {[%clk 0:00:08]} Na5 {[%clk 0:00:20]} 42. Rg7
{[%clk 0:00:06]} Kf6 {[%clk 0:00:21]} 43. Rc7 {[%clk 0:00:06]} Bd6
{[%clk 0:00:19]} 44. Rc8 {[%clk 0:00:06]} Ke6 {[%clk 0:00:16]} 45. b4
{[%clk 0:00:06]} Nb7 {[%clk 0:00:17]} 46. a4 {[%clk 0:00:06]} Be5
{[%clk 0:00:17]} 47. Rc6+ {[%clk 0:00:07]} Nd6 {[%clk 0:00:16]} 48. Rxb6
{[%clk 0:00:07]} Bxc3 {[%clk 0:00:17]} 49. a5 {[%clk 0:00:08]} Kd7
{[%clk 0:00:15]} 50. a6 {[%clk 0:00:08]} Nc8 {[%clk 0:00:12]} 51. Rb7+
{[%clk 0:00:09]} Kc6 {[%clk 0:00:11]} 52. b5+ {[%clk 0:00:11]} Kc5
{[%clk 0:00:12]} 53. Rc7+ {[%clk 0:00:12]} 1-0

[Event "Blitz 2018"]
[Site "Saint-Petersburg"]
[Date "2018.12.29"]
[Round "10"]
[Board "79"]
[White "Lobanov Sergei (RUS)"]
[Black "Potapov Pavel (RUS)"]
[Result "1-0"]
[LiveChessVersion "1.4.8"]
[BlackElo "2542"]
[WhiteElo "2434"]

1. e4 {[%clk 0:03:03]} c5 {[%clk 0:03:03]} 2. Nf3 {[%clk 0:03:04]} Nc6
{[%clk 0:03:04]} 3. d4 {[%clk 0:03:05]} cxd4 {[%clk 0:03:05]} 4. Nxd4
{[%clk 0:03:07]} e5 {[%clk 0:03:05]} 5. Nb5 {[%clk 0:03:08]} d6 {[%clk 0:03:06]}
6. c4 {[%clk 0:03:03]} Be7 {[%clk 0:03:02]} 7. N1c3 {[%clk 0:03:03]} a6
{[%clk 0:03:03]} 8. Na3 {[%clk 0:03:04]} f5 {[%clk 0:03:04]} 9. exf5
{[%clk 0:03:05]} Bxf5 {[%clk 0:03:04]} 10. g3 {[%clk 0:02:45]} Nf6
{[%clk 0:03:01]} 11. Bg2 {[%clk 0:02:45]} O-O {[%clk 0:02:59]} 12. O-O
{[%clk 0:02:39]} Qd7 {[%clk 0:02:57]} 13. Nc2 {[%clk 0:02:34]} Rad8
{[%clk 0:02:48]} 14. Be3 {[%clk 0:02:24]} Bh3 {[%clk 0:02:37]} 15. b4
{[%clk 0:01:58]} Bxg2 {[%clk 0:02:01]} 16. Kxg2 {[%clk 0:01:59]} Rc8
{[%clk 0:01:57]} 17. Nd5 {[%clk 0:01:36]} Nd8 {[%clk 0:01:40]} 18. Nb6
{[%clk 0:00:59]} Qc6+ {[%clk 0:01:41]} 19. Kg1 {[%clk 0:00:49]} Rb8
{[%clk 0:01:41]} 20. a4 {[%clk 0:00:48]} Ne6 {[%clk 0:01:35]} 21. b5
{[%clk 0:00:44]} Qe8 {[%clk 0:01:28]} 22. Nb4 {[%clk 0:00:42]} axb5
{[%clk 0:01:06]} 23. axb5 {[%clk 0:00:43]} Qg6 {[%clk 0:01:04]} 24. N4d5
{[%clk 0:00:43]} Bd8 {[%clk 0:00:12]} 25. Nxf6+ {[%clk 0:00:41]} Rxf6
{[%clk 0:00:10]} 26. Nd7 {[%clk 0:00:40]} Rc8 {[%clk 0:00:10]} 27. Nxf6+
{[%clk 0:00:40]} Qxf6 {[%clk 0:00:09]} 28. Qd5 {[%clk 0:00:40]} Kh8
{[%clk 0:00:07]} 29. Qxb7 {[%clk 0:00:39]} Rxc4 {[%clk 0:00:07]} 30. Ra8
{[%clk 0:00:31]} h5 {[%clk 0:00:08]} 31. Qd5 {[%clk 0:00:28]} Rb4
{[%clk 0:00:07]} 32. b6 {[%clk 0:00:25]} h4 {[%clk 0:00:07]} 33. b7
{[%clk 0:00:24]} 1-0

[Event "Blitz 2018"]
[Site "Saint-Petersburg"]
[Date "2018.12.29"]
[Round "10"]
[Board "80"]
[White "Goganov Aleksey (RUS)"]
[Black "Steinberg Nitzan (ISR)"]
[Result "1-0"]
[LiveChessVersion "1.4.8"]
[BlackElo "2447"]
[WhiteElo "2539"]

1. d4 {[%clk 0:03:03]} d5 {[%clk 0:03:04]} 2. c4 {[%clk 0:03:04]} c6
{[%clk 0:03:04]} 3. Nf3 {[%clk 0:03:04]} Nf6 {[%clk 0:03:05]} 4. e3
{[%clk 0:03:05]} e6 {[%clk 0:03:06]} 5. Bd3 {[%clk 0:03:06]} dxc4
{[%clk 0:02:54]} 6. Bxc4 {[%clk 0:03:06]} Nbd7 {[%clk 0:02:55]} 7. O-O
{[%clk 0:03:05]} Bd6 {[%clk 0:02:56]} 8. Qe2 {[%clk 0:02:50]} O-O
{[%clk 0:02:46]} 9. e4 {[%clk 0:02:50]} e5 {[%clk 0:02:47]} 10. Rd1
{[%clk 0:02:40]} Qc7 {[%clk 0:02:36]} 11. h3 {[%clk 0:02:34]} h6 {[%clk 0:02:21]}
12. Nc3 {[%clk 0:02:33]} b5 {[%clk 0:02:18]} 13. Bb3 {[%clk 0:02:33]} a5
{[%clk 0:02:13]} 14. Be3 {[%clk 0:02:09]} Ba6 {[%clk 0:02:08]} 15. dxe5
{[%clk 0:01:52]} Nxe5 {[%clk 0:02:07]} 16. Nxe5 {[%clk 0:01:50]} Bxe5
{[%clk 0:02:08]} 17. Qf3 {[%clk 0:01:48]} Rfe8 {[%clk 0:02:06]} 18. Rac1
{[%clk 0:01:38]} Qe7 {[%clk 0:01:34]} 19. a3 {[%clk 0:01:13]} Rab8
{[%clk 0:01:25]} 20. Bd4 {[%clk 0:01:08]} Bxd4 {[%clk 0:01:10]} 21. Rxd4
{[%clk 0:01:09]} c5 {[%clk 0:01:12]} 22. Nd5 {[%clk 0:01:06]} Nxd5
{[%clk 0:01:10]} 23. Rxd5 {[%clk 0:01:07]} c4 {[%clk 0:01:12]} 24. Bc2
{[%clk 0:01:07]} Bb7 {[%clk 0:00:59]} 25. Rd4 {[%clk 0:00:56]} Qc5
{[%clk 0:00:48]} 26. Rcd1 {[%clk 0:00:54]} Bc6 {[%clk 0:00:50]} 27. Qc3
{[%clk 0:00:46]} Ra8 {[%clk 0:00:38]} 28. Kh1 {[%clk 0:00:27]} g6
{[%clk 0:00:31]} 29. f4 {[%clk 0:00:24]} Ra7 {[%clk 0:00:22]} 30. f5
{[%clk 0:00:23]} Qe5 {[%clk 0:00:19]} 31. fxg6 fxg6 32. Rd6 {[%clk 0:00:17]} Rc7
{[%clk 0:00:10]} 33. Rxg6+ Kh7 34. Rdd6 {[%clk 0:00:15]} Qxc3 {[%clk 0:00:08]}
35. bxc3 {[%clk 0:00:16]} Bxe4 {[%clk 0:00:09]} 36. Rxh6+ {[%clk 0:00:16]} Kg7
{[%clk 0:00:10]} 37. Bxe4 {[%clk 0:00:16]} Rxe4 {[%clk 0:00:12]} 38. Rdg6+
{[%clk 0:00:17]} Kf7 {[%clk 0:00:11]} 39. Rg5 {[%clk 0:00:17]} b4
{[%clk 0:00:07]} 40. axb4 {[%clk 0:00:18]} axb4 {[%clk 0:00:08]} 41. Rh7+ Kf6 42.
Rxc7 {[%clk 0:00:19]} Kxg5 {[%clk 0:00:11]} 43. cxb4 {[%clk 0:00:20]} Kf4
{[%clk 0:00:11]} 44. Kh2 {[%clk 0:00:21]} Ke3 {[%clk 0:00:13]} 45. b5
{[%clk 0:00:23]} Kd2 {[%clk 0:00:13]} 46. b6 {[%clk 0:00:23]} c3 {[%clk 0:00:15]}
47. b7 {[%clk 0:00:22]} Rb4 {[%clk 0:00:16]} 48. g4 {[%clk 0:00:22]} c2
{[%clk 0:00:17]} 49. Kg3 {[%clk 0:00:20]} Rxb7 50. Rxc2+ {[%clk 0:00:11]} Kxc2
{[%clk 0:00:19]} 51. g5 {[%clk 0:00:12]} Kd3 {[%clk 0:00:19]} 52. Kf4
{[%clk 0:00:13]} Rh7 {[%clk 0:00:12]} 53. g6 {[%clk 0:00:12]} Rxh3
{[%clk 0:00:04]} 54. g7 {[%clk 0:00:11]} Rh4+ {[%clk 0:00:04]} 55. Kf3
{[%clk 0:00:05]} Rh3+ {[%clk 0:00:04]} 56. Kg2 {[%clk 0:00:07]} Re3
{[%clk 0:00:04]} 57. g8=Q {[%clk 0:00:07]} Re2+ {[%clk 0:00:06]} 58. Kf3
{[%clk 0:00:09]} Re3+ {[%clk 0:00:07]} 59. Kf4 {[%clk 0:00:10]} Re4+
{[%clk 0:00:09]} 60. Kf5 {[%clk 0:00:11]} Rd4 {[%clk 0:00:10]} 61. Qb3+
{[%clk 0:00:12]} Ke2 {[%clk 0:00:09]} 62. Ke5 {[%clk 0:00:12]} Rd3
{[%clk 0:00:10]} 63. Qc2+ {[%clk 0:00:11]} Ke3 {[%clk 0:00:11]} 64. Qg2
{[%clk 0:00:11]} Rd2 {[%clk 0:00:11]} 65. Qg3+ {[%clk 0:00:12]} Ke2
{[%clk 0:00:12]} 66. Ke4 {[%clk 0:00:13]} Kd1 {[%clk 0:00:13]} 67. Qg1+
{[%clk 0:00:07]} Kc2 {[%clk 0:00:14]} 68. Qc5+ {[%clk 0:00:07]} Kd1
{[%clk 0:00:15]} 69. Ke3 {[%clk 0:00:08]} Re2+ {[%clk 0:00:16]} 70. Kf3
{[%clk 0:00:09]} Rd2 {[%clk 0:00:15]} 71. Qc3 {[%clk 0:00:09]} Rf2+
{[%clk 0:00:14]} 72. Kg3 {[%clk 0:00:10]} Rd2 {[%clk 0:00:13]} 73. Qb3+
{[%clk 0:00:10]} Ke1 {[%clk 0:00:13]} 74. Qb1+ {[%clk 0:00:11]} Ke2
{[%clk 0:00:14]} 75. Kf4 {[%clk 0:00:08]} Rd4+ {[%clk 0:00:15]} 76. Ke5
{[%clk 0:00:09]} Rd3 {[%clk 0:00:16]} 77. Qc2+ {[%clk 0:00:08]} Ke3
{[%clk 0:00:17]} 78. Qg2 {[%clk 0:00:09]} Rd2 {[%clk 0:00:17]} 79. Qh3+
{[%clk 0:00:10]} Ke2 {[%clk 0:00:16]} 80. Ke4 {[%clk 0:00:11]} Kd1
{[%clk 0:00:17]} 81. Qf1+ {[%clk 0:00:11]} Kc2 {[%clk 0:00:19]} 82. Qc4+
{[%clk 0:00:12]} Kb2 {[%clk 0:00:11]} 83. Ke3 {[%clk 0:00:13]} Rc2
{[%clk 0:00:12]} 84. Qb4+ {[%clk 0:00:14]} Ka2 {[%clk 0:00:06]} 85. Kd3
{[%clk 0:00:15]} Rc1 {[%clk 0:00:04]} 86. Kd2 {[%clk 0:00:15]} Rb1
{[%clk 0:00:03]} 87. Qa5+ {[%clk 0:00:12]} Kb2 {[%clk 0:00:03]} 88. Qa4
{[%clk 0:00:10]} Ra1 {[%clk 0:00:03]} 89. Qb4+ {[%clk 0:00:08]} Ka2
{[%clk 0:00:04]} 90. Kc2 {[%clk 0:00:07]} 1-0

[Event "Blitz 2018"]
[Site "Saint-Petersburg"]
[Date "2018.12.29"]
[Round "10"]
[Board "81"]
[White "Levin Evgeny A. (RUS)"]
[Black "Sharma Dinesh K. (IND)"]
[Result "1-0"]
[LiveChessVersion "1.4.8"]
[BlackElo "2383"]
[WhiteElo "2539"]

1. d4 {[%clk 0:03:03]} d5 {[%clk 0:03:03]} 2. c4 {[%clk 0:03:03]} c6
{[%clk 0:03:04]} 3. Nf3 {[%clk 0:03:04]} Nf6 {[%clk 0:03:05]} 4. e3
{[%clk 0:03:05]} Bf5 {[%clk 0:03:05]} 5. Nc3 {[%clk 0:03:06]} e6 {[%clk 0:03:06]}
6. Nh4 {[%clk 0:03:07]} Be4 {[%clk 0:03:07]} 7. f3 {[%clk 0:03:08]} Bg6
{[%clk 0:03:08]} 8. Qb3 {[%clk 0:03:09]} Qb6 {[%clk 0:03:09]} 9. Nxg6
{[%clk 0:03:03]} hxg6 {[%clk 0:03:09]} 10. Bd2 {[%clk 0:03:03]} Nbd7
{[%clk 0:03:09]} 11. O-O-O {[%clk 0:02:50]} Qxb3 {[%clk 0:03:09]} 12. axb3
{[%clk 0:02:51]} Bd6 {[%clk 0:03:09]} 13. h3 {[%clk 0:02:52]} Nh5
{[%clk 0:03:09]} 14. Bd3 {[%clk 0:02:52]} Ng3 {[%clk 0:03:08]} 15. Rhe1
{[%clk 0:02:52]} O-O-O {[%clk 0:03:05]} 16. Kc2 {[%clk 0:02:48]} a6
{[%clk 0:03:06]} 17. e4 {[%clk 0:02:09]} dxe4 {[%clk 0:02:57]} 18. fxe4
{[%clk 0:02:03]} e5 {[%clk 0:02:57]} 19. d5 {[%clk 0:02:00]} Nc5 {[%clk 0:02:55]}
20. Bg5 {[%clk 0:01:30]} f6 {[%clk 0:02:42]} 21. Be3 {[%clk 0:01:30]} cxd5
{[%clk 0:02:31]} 22. exd5 {[%clk 0:01:08]} Nxd3 {[%clk 0:01:56]} 23. Rxd3
{[%clk 0:00:52]} e4 {[%clk 0:01:53]} 24. Rdd1 {[%clk 0:00:51]} Be5
{[%clk 0:01:53]} 25. Bb6 {[%clk 0:00:42]} Bxc3 {[%clk 0:01:37]} 26. bxc3
{[%clk 0:00:43]} Rde8 {[%clk 0:01:37]} 27. c5 {[%clk 0:00:40]} Kd7
{[%clk 0:01:35]} 28. c4 {[%clk 0:00:34]} f5 {[%clk 0:01:35]} 29. b4
{[%clk 0:00:21]} f4 {[%clk 0:01:09]} 30. b5 {[%clk 0:00:23]} axb5
{[%clk 0:01:10]} 31. cxb5 {[%clk 0:00:24]} e3 {[%clk 0:01:10]} 32. c6+
{[%clk 0:00:16]} Kd6 {[%clk 0:01:08]} 33. Ba5 {[%clk 0:00:06]} Kc5
{[%clk 0:00:58]} 34. d6 {[%clk 0:00:06]} Kxb5 {[%clk 0:00:46]} 35. d7
{[%clk 0:00:06]} Kxa5 {[%clk 0:00:45]} 36. dxe8=Q {[%clk 0:00:06]} Rxe8
{[%clk 0:00:45]} 37. cxb7 {[%clk 0:00:06]} Rb8 {[%clk 0:00:33]} 38. Rb1
{[%clk 0:00:05]} Ka6 {[%clk 0:00:35]} 39. Rb3 {[%clk 0:00:06]} Rxb7
{[%clk 0:00:36]} 40. Ra1# {[%clk 0:00:07]} 1-0

[Event "Blitz 2018"]
[Site "Saint-Petersburg"]
[Date "2018.12.29"]
[Round "10"]
[Board "82"]
[White "Makoveev Ilya (RUS)"]
[Black "Kryakvin Dmitry (RUS)"]
[Result "1-0"]
[LiveChessVersion "1.4.8"]
[BlackElo "2536"]
[WhiteElo "2243"]

1. e4 {[%clk 0:03:03]} c5 {[%clk 0:03:03]} 2. Nf3 {[%clk 0:03:04]} d6
{[%clk 0:03:05]} 3. d4 {[%clk 0:03:05]} cxd4 {[%clk 0:03:06]} 4. Nxd4
{[%clk 0:03:06]} Nf6 {[%clk 0:03:07]} 5. Nc3 {[%clk 0:03:07]} Nc6
{[%clk 0:03:08]} 6. Bg5 {[%clk 0:03:06]} e6 {[%clk 0:03:09]} 7. Qd2
{[%clk 0:03:07]} Be7 {[%clk 0:03:09]} 8. O-O-O {[%clk 0:02:46]} O-O
{[%clk 0:03:10]} 9. Kb1 {[%clk 0:02:05]} h6 {[%clk 0:02:49]} 10. Nxc6
{[%clk 0:01:58]} bxc6 {[%clk 0:02:50]} 11. Bf4 {[%clk 0:02:00]} d5
{[%clk 0:02:40]} 12. Bd3 {[%clk 0:02:01]} d4 {[%clk 0:02:13]} 13. Ne2
{[%clk 0:01:51]} c5 {[%clk 0:02:14]} 14. e5 {[%clk 0:01:38]} Nd5 {[%clk 0:01:45]}
15. Bxh6 {[%clk 0:01:26]} Rb8 {[%clk 0:01:43]} 16. h4 {[%clk 0:00:49]} Qc7
{[%clk 0:01:28]} 17. Rh3 {[%clk 0:00:39]} Qxe5 {[%clk 0:01:22]} 18. Bxg7
{[%clk 0:00:37]} Qxg7 {[%clk 0:01:11]} 19. Rg3 {[%clk 0:00:38]} Bf6
{[%clk 0:00:59]} 20. Qh6 {[%clk 0:00:35]} Rd8 {[%clk 0:00:56]} 21. Nf4
{[%clk 0:00:17]} Qxg3 {[%clk 0:00:20]} 22. Bh7+ {[%clk 0:00:13]} 1-0

[Event "Blitz 2018"]
[Site "Saint-Petersburg"]
[Date "2018.12.29"]
[Round "10"]
[Board "83"]
[White "Pershin Denis (RUS)"]
[Black "Tregubov Pavel V. (RUS)"]
[Result "1-0"]
[LiveChessVersion "1.4.8"]
[BlackElo "2516"]
[WhiteElo "2354"]

1. d4 {[%clk 0:03:03]} Nf6 {[%clk 0:03:03]} 2. Nc3 {[%clk 0:03:04]} d5
{[%clk 0:03:03]} 3. Bf4 {[%clk 0:03:05]} c5 {[%clk 0:03:01]} 4. e3
{[%clk 0:03:05]} cxd4 {[%clk 0:02:58]} 5. exd4 {[%clk 0:03:06]} Bg4
{[%clk 0:02:57]} 6. Be2 {[%clk 0:02:38]} Bxe2 {[%clk 0:02:57]} 7. Ncxe2
{[%clk 0:02:36]} e6 {[%clk 0:02:52]} 8. Nf3 {[%clk 0:02:36]} Qb6 {[%clk 0:02:40]}
9. O-O {[%clk 0:02:35]} Nc6 {[%clk 0:02:42]} 10. c3 {[%clk 0:02:32]} Be7
{[%clk 0:02:38]} 11. Qb3 {[%clk 0:02:28]} Qa6 {[%clk 0:02:28]} 12. Rfe1
{[%clk 0:02:23]} O-O {[%clk 0:02:29]} 13. Ng3 {[%clk 0:02:22]} Na5
{[%clk 0:02:29]} 14. Qc2 {[%clk 0:02:23]} Nc4 {[%clk 0:02:25]} 15. Ne5
{[%clk 0:01:46]} Rac8 {[%clk 0:02:26]} 16. Nxc4 {[%clk 0:01:45]} Qxc4
{[%clk 0:02:24]} 17. Nf5 {[%clk 0:01:45]} Rfe8 {[%clk 0:02:04]} 18. Nxe7+
{[%clk 0:01:36]} Rxe7 {[%clk 0:02:05]} 19. Bg5 {[%clk 0:01:37]} Qxd4
{[%clk 0:01:57]} 20. Rad1 {[%clk 0:01:18]} Qc4 {[%clk 0:01:40]} 21. Bxf6
{[%clk 0:01:18]} gxf6 {[%clk 0:01:41]} 22. Re3 {[%clk 0:01:13]} f5
{[%clk 0:01:36]} 23. Qd2 {[%clk 0:01:10]} f4 {[%clk 0:01:23]} 24. Rd3
{[%clk 0:01:11]} Qxa2 {[%clk 0:00:25]} 25. Qxf4 {[%clk 0:01:11]} Kf8
{[%clk 0:00:27]} 26. Rg3 {[%clk 0:01:04]} Rc6 {[%clk 0:00:08]} 27. Qb8+
{[%clk 0:00:24]} Re8 {[%clk 0:00:10]} 28. Qxb7 {[%clk 0:00:25]} Qa6
{[%clk 0:00:08]} 29. Qb4+ {[%clk 0:00:25]} Re7 {[%clk 0:00:05]} 30. Qf4
{[%clk 0:00:23]} Ke8 {[%clk 0:00:03]} 31. Qb8+ {[%clk 0:00:22]} Kd7
{[%clk 0:00:00]} 1-0

[Event "Blitz 2018"]
[Site "Saint-Petersburg"]
[Date "2018.12.29"]
[Round "10"]
[Board "84"]
[White "Teske Henrik (GER)"]
[Black "Shubin Kirill (RUS)"]
[Result "1/2-1/2"]
[LiveChessVersion "1.4.8"]
[BlackElo "2398"]
[WhiteElo "2565"]

1. e4 {[%clk 0:03:02]} e6 {[%clk 0:03:04]} 2. d4 {[%clk 0:03:02]} d5
{[%clk 0:03:05]} 3. Nc3 {[%clk 0:03:01]} Bb4 {[%clk 0:03:07]} 4. exd5
{[%clk 0:03:01]} exd5 {[%clk 0:03:08]} 5. Bd3 {[%clk 0:03:00]} c6
{[%clk 0:03:09]} 6. Qf3 {[%clk 0:02:53]} Qf6 {[%clk 0:03:10]} 7. Be3
{[%clk 0:02:36]} Qxf3 {[%clk 0:02:59]} 8. Nxf3 {[%clk 0:02:36]} Ne7
{[%clk 0:02:59]} 9. O-O-O {[%clk 0:02:33]} Bf5 {[%clk 0:02:57]} 10. Be2
{[%clk 0:02:04]} Nd7 {[%clk 0:02:47]} 11. Nh4 {[%clk 0:02:05]} Be6
{[%clk 0:02:38]} 12. Na4 {[%clk 0:01:59]} Nf5 {[%clk 0:02:26]} 13. Nxf5
{[%clk 0:01:52]} Bxf5 {[%clk 0:02:27]} 14. a3 {[%clk 0:01:53]} Bd6
{[%clk 0:02:25]} 15. Nc5 {[%clk 0:01:43]} Nxc5 {[%clk 0:02:17]} 16. dxc5
{[%clk 0:01:44]} Bc7 {[%clk 0:02:17]} 17. Bd4 {[%clk 0:01:36]} O-O
{[%clk 0:02:16]} 18. Bd3 {[%clk 0:01:35]} Bxd3 {[%clk 0:02:12]} 19. cxd3
{[%clk 0:01:35]} Rfe8 {[%clk 0:02:08]} 20. Kd2 {[%clk 0:01:33]} a5
{[%clk 0:02:04]} 21. a4 {[%clk 0:01:29]} Re6 {[%clk 0:01:43]} 22. g3
{[%clk 0:01:28]} h5 {[%clk 0:01:33]} 23. Rb1 {[%clk 0:01:26]} h4 {[%clk 0:01:27]}
24. Rhe1 {[%clk 0:01:18]} Rae8 {[%clk 0:01:15]} 25. gxh4 {[%clk 0:01:15]} Bf4+
{[%clk 0:00:50]} 26. Be3 {[%clk 0:01:12]} Bxh2 {[%clk 0:00:50]} 27. Rh1
{[%clk 0:01:11]} Bc7 {[%clk 0:00:46]} 28. d4 {[%clk 0:01:10]} f5 {[%clk 0:00:38]}
29. Kd3 {[%clk 0:01:08]} f4 {[%clk 0:00:32]} 30. Bd2 {[%clk 0:01:09]} Re2
{[%clk 0:00:31]} 31. Rbe1 {[%clk 0:01:08]} Rxe1 {[%clk 0:00:19]} 32. Bxe1
{[%clk 0:01:03]} Kf7 {[%clk 0:00:16]} 33. Bd2 {[%clk 0:01:02]} Kf6
{[%clk 0:00:12]} 34. f3 {[%clk 0:00:57]} Rh8 {[%clk 0:00:09]} 35. Be1
{[%clk 0:00:56]} Kf5 {[%clk 0:00:06]} 36. Rg1 {[%clk 0:00:54]} g6
{[%clk 0:00:07]} 37. Rg5+ {[%clk 0:00:53]} Kf6 {[%clk 0:00:08]} 38. Rg4
{[%clk 0:00:54]} Rh5 {[%clk 0:00:06]} 39. Bd2 {[%clk 0:00:49]} Kf5
{[%clk 0:00:07]} 40. b3 {[%clk 0:00:49]} Rh8 {[%clk 0:00:05]} 41. Bc1
{[%clk 0:00:46]} Rh5 {[%clk 0:00:06]} 42. Bd2 {[%clk 0:00:47]} Rh8
{[%clk 0:00:06]} 43. Be1 {[%clk 0:00:45]} Rh5 {[%clk 0:00:06]} 44. Bf2
{[%clk 0:00:45]} Bd8 {[%clk 0:00:07]} 45. Be1 {[%clk 0:00:44]} Rh8
{[%clk 0:00:07]} 46. Bf2 {[%clk 0:00:42]} Rh5 {[%clk 0:00:05]} 47. Ke2
{[%clk 0:00:42]} Rh8 {[%clk 0:00:05]} 1/2-1/2

[Event "Blitz 2018"]
[Site "Saint-Petersburg"]
[Date "2018.12.29"]
[Round "10"]
[Board "85"]
[White "Gabrielian Artur (RUS)"]
[Black "Teterev Vitaly (BLR)"]
[Result "1-0"]
[LiveChessVersion "1.4.8"]
[BlackElo "2397"]
[WhiteElo "2562"]

1. e4 {[%clk 0:03:03]} c5 {[%clk 0:03:03]} 2. Nc3 {[%clk 0:03:04]} d6
{[%clk 0:03:04]} 3. d4 {[%clk 0:03:05]} cxd4 {[%clk 0:03:04]} 4. Qxd4
{[%clk 0:03:05]} Nf6 {[%clk 0:03:05]} 5. b3 {[%clk 0:03:06]} e5 {[%clk 0:02:58]}
6. Qd2 {[%clk 0:03:07]} Be7 {[%clk 0:02:59]} 7. Bb2 {[%clk 0:03:08]} O-O
{[%clk 0:02:58]} 8. O-O-O {[%clk 0:03:08]} a6 {[%clk 0:02:58]} 9. f3
{[%clk 0:03:03]} Be6 {[%clk 0:02:52]} 10. Kb1 {[%clk 0:03:04]} Nbd7
{[%clk 0:02:49]} 11. g4 {[%clk 0:02:50]} b5 {[%clk 0:02:47]} 12. g5
{[%clk 0:02:50]} Ne8 {[%clk 0:02:40]} 13. h4 {[%clk 0:02:50]} Nb6
{[%clk 0:02:35]} 14. Bh3 {[%clk 0:02:44]} b4 {[%clk 0:02:30]} 15. Nd5
{[%clk 0:02:40]} Bxd5 {[%clk 0:02:07]} 16. exd5 {[%clk 0:02:40]} Nc7
{[%clk 0:02:09]} 17. f4 {[%clk 0:02:26]} Nbxd5 {[%clk 0:01:40]} 18. Ne2
{[%clk 0:02:27]} Nc3+ {[%clk 0:01:19]} 19. Nxc3 {[%clk 0:02:25]} bxc3
{[%clk 0:01:20]} 20. Qxc3 {[%clk 0:02:24]} Nb5 {[%clk 0:01:20]} 21. Qd2
{[%clk 0:02:13]} Qc7 {[%clk 0:01:18]} 22. Bg2 {[%clk 0:01:45]} Rac8
{[%clk 0:01:10]} 23. Rh3 {[%clk 0:01:37]} Rfe8 {[%clk 0:01:08]} 24. Bd5
{[%clk 0:01:36]} Nd4 {[%clk 0:01:06]} 25. Rc3 {[%clk 0:01:13]} Qd7
{[%clk 0:00:49]} 26. h5 {[%clk 0:01:09]} g6 {[%clk 0:00:32]} 27. hxg6
{[%clk 0:01:09]} hxg6 {[%clk 0:00:33]} 28. Rh1 {[%clk 0:00:58]} Bf8
{[%clk 0:00:30]} 29. Rch3 {[%clk 0:00:43]} Bg7 {[%clk 0:00:32]} 30. Qh2
{[%clk 0:00:40]} Kf8 {[%clk 0:00:24]} 31. Bxd4 {[%clk 0:00:41]} exd4
{[%clk 0:00:21]} 32. Rh8+ {[%clk 0:00:41]} Ke7 {[%clk 0:00:04]} 33. Re1+
{[%clk 0:00:39]} Qe6 {[%clk 0:00:05]} 34. Rxe8+ {[%clk 0:00:39]} Rxe8
{[%clk 0:00:04]} 35. Bxe6 {[%clk 0:00:39]} 1-0